[Event "ESP-ch Seniors 50+"]
[Site "Altea"]
[Date "2017.10.12"]
[Round "6"]
[White "Riquelme Valero, Manuel Damian"]
[Black "Fernandez Hernandez, Gerardo"]
[Result "0-1"]
[WhiteElo "2147"]
[BlackElo "2178"]
[PlyCount "86"]
[EventDate "2017.10.07"]
[EventType "swiss"]
[EventRounds "9"]
[EventCountry "ESP"]
[SourceTitle "CBM 181 Extra"]
[Source "ChessBase"]
[SourceDate "2017.12.12"]
[SourceVersion "1"]
[SourceVersionDate "2017.12.12"]
[SourceQuality "1"]

1. d4 Nf6 2. c4 e6 3. Nc3 Bb4 4. f3 c5 5. a3 Bxc3+ 6. bxc3 Nc6 7. e4 d6 8. d5 Na5 9. Bd3 h6 10. Ne2 b6 11. 0-0 Qe7 12. f4 exd5 13. cxd5 c4 14. Bc2 Nxe4 15. Ng3 f5 16. Nxe4 fxe4 17. Bxe4 0-0 18. Re1 Qf6 19. Be3 Nb3 20. Ra2 Bf5 21. Bc2 Qxc3 22. Bxf5 Rxf5 23. Rc2 Qd3 24. Qxd3 cxd3 25. Rc3 Nc5 26. Bxc5 d2 27. Rd1 bxc5 28. g3 Rxd5 29. Rc2 Kf7 30. Rcxd2 Rxd2 31. Rxd2 Rd8 32. Kf2 d5 33. Rb2 Rd7 34. g4 Ke6 35. h4 d4 36. Re2+ Kd6 37. f5 Re7 38. Rxe7 Kxe7 39. g5 hxg5 40. hxg5 c4 41. Ke2 c3 42. Kd3 Kd6 43. Kc2 Ke5 0-1

[Event "ESP-ch Seniors 50"]
[Site "Altea"]
[Date "2016.10.12"]
[Round "4"]
[White "Riquelme Valero, Manuel Damian"]
[Black "Barraza Caracuel, Ignacio"]
[Result "1/2-1/2"]
[WhiteElo "2162"]
[BlackElo "2220"]
[PlyCount "42"]
[EventDate "2016.10.09"]
[EventType "swiss"]
[EventRounds "9"]
[EventCountry "ESP"]
[SourceTitle "EXT 2024"]
[Source "ChessBase"]
[SourceDate "2023.10.10"]
[SourceVersion "1"]
[SourceVersionDate "2023.10.10"]
[SourceQuality "1"]

1. d4 f5 2. Nc3 Nf6 3. Bg5 d5 4. e3 e6 5. Nf3 c6 6. Bd3 Bd6 7. 0-0 Nbd7 8. Ne2 0-0 9. c4 dxc4 10. Bxc4 Nb6 11. Bb3 Nbd5 12. Bf4 Qc7 13. Bxd6 Qxd6 14. Nc1 b6 15. Nd3 Ba6 16. Re1 Bxd3 17. Qxd3 Rac8 18. Rac1 Rc7 19. a3 Rfc8 20. Rc2 c5 21. Rec1 cxd4 1/2-1/2

[Event "Alicante-ch (Women) and Seniors"]
[Site "Altea"]
[Date "2016.04.23"]
[Round "5"]
[White "Riquelme Valero, Manuel Damian"]
[Black "Garcia Trobat, Francisco"]
[Result "1-0"]
[WhiteElo "2126"]
[BlackElo "2232"]
[PlyCount "75"]
[EventDate "2016.04.02"]
[EventType "swiss"]
[EventRounds "7"]
[EventCountry "ESP"]
[SourceTitle "EXT 2024"]
[Source "ChessBase"]
[SourceDate "2023.10.10"]
[SourceVersion "1"]
[SourceVersionDate "2023.10.10"]
[SourceQuality "1"]

1. d4 Nf6 2. c4 e6 3. Nf3 Bb4+ 4. Bd2 c5 5. Bxb4 cxb4 6. a3 Nc6 7. d5 exd5 8. cxd5 Ne7 9. d6 Nc6 10. axb4 Nxb4 11. Qd2 a5 12. Nc3 0-0 13. e3 b6 14. Be2 Bb7 15. 0-0 Rc8 16. Rac1 Rc5 17. Rfd1 Qb8 18. Qd4 Rfc8 19. Rb1 b5 20. Ne5 Bd5 21. Ng4 Ne8 22. Qf4 Be6 23. e4 f6 24. Rd2 Nc6 25. Rbd1 Bb3 26. Re1 Ne5 27. Qg3 Kh8 28. f4 Nf7 29. e5 fxe5 30. Nxe5 Nxe5 31. fxe5 Be6 32. Bg4 Bxg4 33. Qxg4 Qa7 34. Rf2 g6 35. Qd4 Ng7 36. e6 dxe6 37. Rxe6 Rd8 38. Re7 1-0

[Event "Alicante-ch (Women) and Seniors"]
[Site "Altea"]
[Date "2016.04.03"]
[Round "3"]
[White "Sanchez Saez, Francisco"]
[Black "Riquelme Valero, Manuel Damian"]
[Result "0-1"]
[WhiteElo "2228"]
[BlackElo "2126"]
[PlyCount "98"]
[EventDate "2016.04.02"]
[EventType "swiss"]
[EventRounds "7"]
[EventCountry "ESP"]
[SourceTitle "EXT 2024"]
[Source "ChessBase"]
[SourceDate "2023.10.10"]
[SourceVersion "1"]
[SourceVersionDate "2023.10.10"]
[SourceQuality "1"]

1. e4 c6 2. Nc3 d5 3. Qe2 dxe4 4. Nxe4 Nf6 5. Nxf6+ gxf6 6. Nf3 Qd5 7. Qc4 Qxc4 8. Bxc4 Rg8 9. Rg1 Bf5 10. d3 Bg4 11. Nh4 Nd7 12. f3 Be6 13. Bxe6 fxe6 14. Be3 Nb6 15. 0-0-0 Rg5 16. Rde1 Rh5 17. g3 Kf7 18. f4 Nd5 19. Bd2 Bg7 20. Nf3 Nc7 21. c4 Rd8 22. Kc2 Rd6 23. h4 f5 24. Bb4 Rd7 25. Ng5+ Kf8 26. Nxe6+ Nxe6 27. Rxe6 Rh6 28. Rxh6 Bxh6 29. Bc3 e6 30. Re1 Kf7 31. b4 Bf8 32. a4 Be7 33. c5 a5 34. d4 axb4 35. Bb2 Bd8 36. Kb3 Ba5 37. Rc1 Rd8 38. Rg1 h5 39. Rd1 Rd7 40. Rd3 Ke7 41. Kc4 Rd5 42. Bc1 b6 43. cxb6 Bxb6 44. Bd2 c5 45. dxc5 Rxd3 46. cxb6 Rxd2 47. a5 Kd7 48. a6 Kc6 49. b7 Rd8 0-1

[Event "La Vila Region-ch"]
[Site "La Vila"]
[Date "2015.10.31"]
[Round "4.7"]
[White "Riquelme Valero, Manuel Damian"]
[Black "Varga, Mariano"]
[Result "1/2-1/2"]
[WhiteElo "2120"]
[BlackElo "2034"]
[PlyCount "28"]
[EventDate "2015.10.03"]
[EventType "swiss"]
[EventRounds "7"]
[EventCountry "ESP"]
[SourceTitle "EXT 2024"]
[Source "ChessBase"]
[SourceDate "2023.10.10"]
[SourceVersion "1"]
[SourceVersionDate "2023.10.10"]
[SourceQuality "1"]

1. d4 Nf6 2. c4 e6 3. Nc3 Bb4 4. f3 c5 5. a3 Bxc3+ 6. bxc3 Nc6 7. e4 d6 8. Be3 b6 9. Bd3 e5 10. Ne2 0-0 11. 0-0 Ba6 12. g3 cxd4 13. cxd4 Na5 14. Rc1 Rc8 1/2-1/2

[Event "Xabia op 1st"]
[Site "Xabia"]
[Date "2015.04.25"]
[Round "3"]
[White "Riquelme Valero, Manuel Damian"]
[Black "Hassomal Daswani, Birjkumar"]
[Result "0-1"]
[WhiteElo "2127"]
[BlackElo "2079"]
[PlyCount "86"]
[EventDate "2015.04.24"]
[EventType "swiss"]
[EventRounds "7"]
[EventCountry "ESP"]
[SourceTitle "EXT 2019"]
[Source "ChessBase"]
[SourceDate "2018.10.10"]
[SourceVersion "1"]
[SourceVersionDate "2018.10.10"]
[SourceQuality "1"]

1. d4 Nf6 2. c4 c5 3. d5 b5 4. cxb5 a6 5. b6 Qxb6 6. Nc3 d6 7. e4 g6 8. Be2 Bg7 9. Nf3 Nbd7 10. Nd2 0-0 11. Nc4 Qc7 12. Bf4 Nb6 13. Ne3 Bd7 14. 0-0 Rfb8 15. Rb1 Qc8 16. e5 Ne8 17. exd6 Nxd6 18. h4 h5 19. Bg5 Qf8 20. g4 hxg4 21. Bxg4 a5 22. Kg2 f5 23. Bf3 a4 24. Qc1 f4 25. Ng4 Bf5 26. Ra1 Nbc4 27. Re1 Rxb2 28. Bxe7 Qc8 29. Nf6+ Kf7 30. Nh7 Rc2 31. Qxf4 Bxc3 32. Qh6 Qh8 33. h5 Qg7 34. hxg6+ Qxg6+ 35. Ng5+ Kg8 36. Qh4 Bxa1 37. Rxa1 Re8 38. Bh5 Qg7 39. Bxe8 Qxa1 40. Bd7 Qg7 41. Be6+ Bxe6 42. Bf6 Bxd5+ 43. Kh2 Qxf6 0-1

[Event "Xabia op 1st"]
[Site "Xabia"]
[Date "2015.04.24"]
[Round "2"]
[White "Molano Lafuente, Ismael"]
[Black "Riquelme Valero, Manuel Damian"]
[Result "0-1"]
[WhiteElo "1990"]
[BlackElo "2127"]
[PlyCount "32"]
[EventDate "2015.04.24"]
[EventType "swiss"]
[EventRounds "7"]
[EventCountry "ESP"]
[SourceTitle "EXT 2019"]
[Source "ChessBase"]
[SourceDate "2018.10.10"]
[SourceVersion "1"]
[SourceVersionDate "2018.10.10"]
[SourceQuality "1"]

1. e4 c6 2. Nc3 d5 3. Qf3 dxe4 4. Nxe4 Nf6 5. Nxf6+ exf6 6. Bc4 Bd6 7. Qe3+ Qe7 8. Qxe7+ Kxe7 9. Ne2 Re8 10. d4 Bf5 11. Bb3 a5 12. a4 Na6 13. c3 Kf8 14. Be3 Nc7 15. 0-0 Nd5 16. Bxd5 cxd5 0-1

[Event "Benidorm op U2300 13th"]
[Site "Benidorm"]
[Date "2014.12.07"]
[Round "10"]
[White "Montalban Galvez, Antonio"]
[Black "Riquelme Valero, Manuel Damian"]
[Result "1/2-1/2"]
[WhiteElo "2192"]
[BlackElo "2099"]
[PlyCount "42"]
[EventDate "2014.11.28"]
[EventType "swiss"]
[EventRounds "10"]
[EventCountry "ESP"]
[SourceTitle "CBM 163 Extra"]
[Source "ChessBase"]
[SourceDate "2014.12.23"]
[SourceVersion "1"]
[SourceVersionDate "2014.12.23"]
[SourceQuality "1"]

1. Nf3 c5 2. c4 Nf6 3. Nc3 e6 4. e3 Nc6 5. d4 cxd4 6. exd4 d5 7. c5 Ne4 8. Bb5 Bd7 9. 0-0 Be7 10. Re1 f5 11. Bxc6 bxc6 12. Ne5 0-0 13. f3 Ng5 14. Qe2 Bf6 15. Bxg5 Bxg5 16. Nxd7 Qxd7 17. Qxe6+ Qxe6 18. Rxe6 Rfc8 19. a3 Kf7 20. Rae1 Bf6 21. Kf1 Bxd4 1/2-1/2

[Event "Benidorm op U2300 12th"]
[Site "Benidorm"]
[Date "2013.12.07"]
[Round "10"]
[White "Riquelme Valero, Manuel Damian"]
[Black "Romero Calduch, Sergio"]
[Result "1/2-1/2"]
[WhiteElo "2130"]
[BlackElo "2082"]
[PlyCount "43"]
[EventDate "2013.11.29"]
[EventType "swiss"]
[EventRounds "10"]
[EventCountry "ESP"]
[SourceTitle "CBM 157 Extra"]
[Source "ChessBase"]
[SourceDate "2013.12.19"]
[SourceVersion "1"]
[SourceVersionDate "2013.12.19"]
[SourceQuality "1"]

1. d4 Nf6 2. c4 e6 3. Nc3 Bb4 4. f3 d5 5. a3 Bxc3+ 6. bxc3 c5 7. cxd5 exd5 8. e3 0-0 9. Bd3 Re8 10. Ne2 Nc6 11. 0-0 b6 12. Rb1 Qd6 13. Qe1 Ne7 14. e4 cxd4 15. cxd4 dxe4 16. fxe4 Nc6 17. Qf2 Bg4 18. Bb2 Bxe2 19. Bxe2 Rxe4 20. Bf3 Ree8 21. Rbc1 Rac8 22. g4 1/2-1/2

[Event "Provincial-ch Elche"]
[Site "Elche"]
[Date "2013.11.23"]
[Round "7.5"]
[White "Riquelme Valero, Manuel Damian"]
[Black "Esquerdo Nogueroles, Gaspar"]
[Result "1-0"]
[WhiteElo "2130"]
[BlackElo "1938"]
[PlyCount "67"]
[EventDate "2013.10.05"]
[EventType "swiss"]
[EventRounds "7"]
[EventCountry "ESP"]
[SourceTitle "EXT 2024"]
[Source "ChessBase"]
[SourceDate "2023.10.10"]
[SourceVersion "1"]
[SourceVersionDate "2023.10.10"]
[SourceQuality "1"]

1. d4 Nf6 2. c4 g6 3. Nc3 d5 4. e3 Bg7 5. Qb3 e6 6. Qa3 Nc6 7. Nf3 a5 8. Bd2 Bd7 9. cxd5 exd5 10. Qb3 a4 11. Nxa4 Nxd4 12. Nxd4 Bxa4 13. Bb5+ Bxb5 14. Qxb5+ Qd7 15. Qxb7 0-0 16. Qc6 Qxc6 17. Nxc6 Ne4 18. a4 Bxb2 19. Ra2 Bc3 20. Bxc3 Nxc3 21. Rc2 Rxa4 22. 0-0 Ra3 23. Rfc1 Na2 24. Rd1 Re8 25. g3 Re6 26. Rxd5 Nc3 27. Rd8+ Kg7 28. Nd4 Re5 29. Kg2 Kf6 30. h4 h6 31. Rc8 c5 32. Nf3 Rd5 33. Nd2 g5 34. Rxc3 1-0

[Event "Provincial-ch Elche"]
[Site "Elche"]
[Date "2013.11.16"]
[Round "6.6"]
[White "Diez Machin, Vicente"]
[Black "Riquelme Valero, Manuel Damian"]
[Result "1/2-1/2"]
[WhiteElo "1985"]
[BlackElo "2130"]
[PlyCount "67"]
[EventDate "2013.10.05"]
[EventType "swiss"]
[EventRounds "7"]
[EventCountry "ESP"]
[SourceTitle "EXT 2024"]
[Source "ChessBase"]
[SourceDate "2023.10.10"]
[SourceVersion "1"]
[SourceVersionDate "2023.10.10"]
[SourceQuality "1"]

1. e4 c5 2. Nf3 d6 3. d4 Nf6 4. Nc3 cxd4 5. Nxd4 e6 6. f3 a6 7. Be3 b5 8. Qd2 Bb7 9. g4 Qa5 10. Nb3 Qc7 11. 0-0-0 Nc6 12. g5 Nd7 13. Kb1 Nce5 14. Qf2 Rc8 15. h4 b4 16. Na4 Nxf3 17. Nb6 Bxe4 18. Nxc8 Qxc8 19. Bg2 Qa8 20. Rhf1 Nfe5 21. Bxe4 Qxe4 22. Rd4 Qb7 23. Rf4 f5 24. gxf6 gxf6 25. Bd2 d5 26. Rxf6 Nxf6 27. Qxf6 Qf7 28. Qxe5 Qxf1+ 29. Bc1 Bg7 30. Qxg7 Rf8 31. Qxh7 Rf7 32. Qh8+ Ke7 33. Nd4 Qe1 34. Qh6 1/2-1/2

[Event "Provincial-ch Elche"]
[Site "Elche"]
[Date "2013.11.02"]
[Round "4.2"]
[White "Serarols Mabras, Bernat"]
[Black "Riquelme Valero, Manuel Damian"]
[Result "1/2-1/2"]
[WhiteElo "2048"]
[BlackElo "2130"]
[PlyCount "65"]
[EventDate "2013.10.05"]
[EventType "swiss"]
[EventRounds "7"]
[EventCountry "ESP"]
[SourceTitle "EXT 2024"]
[Source "ChessBase"]
[SourceDate "2023.10.10"]
[SourceVersion "1"]
[SourceVersionDate "2023.10.10"]
[SourceQuality "1"]

1. d4 Nf6 2. c4 e6 3. Nc3 Bb4 4. e3 0-0 5. Bd3 c5 6. Nge2 d5 7. cxd5 cxd4 8. exd4 Nxd5 9. 0-0 Re8 10. a3 Bf8 11. Bc2 g6 12. Ne4 Bg7 13. Qd3 Nc6 14. Rd1 Nce7 15. Bg5 f6 16. Bh4 Nf5 17. Bg3 Nxg3 18. Qxg3 f5 19. Ng5 Qc7 20. Bb3 Qxg3 21. hxg3 Bd7 22. Bxd5 exd5 23. Nc3 h6 24. Nf3 Be6 25. Ne5 Bf7 26. f4 Red8 27. Rac1 Rac8 28. Nb5 Rxc1 29. Rxc1 a6 30. Na7 Be6 31. Rc7 Bxe5 32. fxe5 Rd7 33. Rc5 1/2-1/2

[Event "Provincial-ch Elche"]
[Site "Elche"]
[Date "2013.10.05"]
[Round "1.5"]
[White "Riquelme Valero, Manuel Damian"]
[Black "Sanchez Trives, Cayetano A"]
[Result "1/2-1/2"]
[WhiteElo "2130"]
[BlackElo "1915"]
[PlyCount "128"]
[EventDate "2013.10.05"]
[EventType "swiss"]
[EventRounds "7"]
[EventCountry "ESP"]
[SourceTitle "EXT 2024"]
[Source "ChessBase"]
[SourceDate "2023.10.10"]
[SourceVersion "1"]
[SourceVersionDate "2023.10.10"]
[SourceQuality "1"]

1. d4 e6 2. c4 f5 3. g3 Nf6 4. Bg2 d5 5. Nf3 c6 6. 0-0 Bd6 7. b3 Qe7 8. a4 b6 9. Ba3 Ba6 10. Ne5 0-0 11. Qc1 Bb7 12. Bxd6 Qxd6 13. Qa3 Qxa3 14. Nxa3 Nbd7 15. Nd3 Ne4 16. Rfd1 a6 17. Rac1 g5 18. e3 Rfc8 19. c5 b5 20. f3 Nef6 21. Re1 Re8 22. e4 Rac8 23. Rc2 g4 24. exf5 exf5 25. fxg4 Rxe1+ 26. Nxe1 b4 27. Nb1 Re8 28. Nd3 fxg4 29. Nxb4 Re1+ 30. Kf2 Rxb1 31. Nxd5 Nxd5 32. Bxd5+ cxd5 33. c6 Bxc6 34. Rxc6 Rxb3 35. Rxa6 Nb6 36. a5 Nc4 37. Ra8+ Kf7 38. a6 Rb2+ 39. Ke1 Ra2 40. a7 Kg7 41. Kd1 Ne3+ 42. Kc1 Nf5 43. Kb1 Ra3 44. Rd8 Rxa7 45. Rxd5 Kf6 46. Kb2 Rc7 47. Kb3 h6 48. Rd8 Rc6 49. Rf8+ Kg6 50. Rg8+ Kh5 51. Rd8 Rd6 52. Rxd6 Nxd6 53. Kb4 Kg5 54. Kc5 Nf7 55. Kc6 h5 56. Kd7 h4 57. Ke6 hxg3 58. hxg3 Nh6 59. d5 Nf5 60. d6 Ng7+ 61. Kf7 Nf5 62. Ke6 Ng7+ 63. Kf7 Nf5 64. Ke6 Ng7+ 1/2-1/2

[Event "Benidorm op U2300 11th"]
[Site "Benidorm"]
[Date "2012.12.04"]
[Round "5"]
[White "Soler Giner, Salvador"]
[Black "Riquelme Valero, Manuel Damian"]
[Result "0-1"]
[WhiteElo "2046"]
[BlackElo "2153"]
[PlyCount "44"]
[EventDate "2012.11.30"]
[EventType "swiss"]
[EventRounds "10"]
[EventCountry "ESP"]
[SourceTitle "EXT 2014"]
[Source "ChessBase"]
[SourceDate "2013.11.20"]
[SourceVersion "1"]
[SourceVersionDate "2013.11.20"]
[SourceQuality "1"]

1. e4 c6 2. d4 d5 3. Nc3 g6 4. exd5 cxd5 5. Nf3 Bg7 6. h3 Nf6 7. Bf4 0-0 8. Bd3 Nc6 9. a3 Nh5 10. Bh2 Nxd4 11. g4 Nxf3+ 12. Qxf3 Nf6 13. 0-0-0 Be6 14. Be5 Qa5 15. g5 Nh5 16. Bxg7 Nxg7 17. Nb5 d4 18. h4 Rfd8 19. h5 Bd5 20. Qg4 Bxh1 21. Rxh1 Nxh5 22. Rxh5 Qe1+ 0-1

[Event "Benidorm op U2300 02nd"]
[Site "Benidorm"]
[Date "2002.??.??"]
[Round "4.9"]
[White "Riquelme Valero, Manuel Damian"]
[Black "Kuzev, Jordan"]
[Result "0-1"]
[WhiteElo "2193"]
[BlackElo "2277"]
[PlyCount "113"]
[EventDate "2002.11.22"]
[EventType "swiss"]
[EventRounds "9"]
[EventCountry "ESP"]
[SourceTitle "CBM 091 Extra"]
[Source "ChessBase"]
[SourceDate "2003.01.09"]
[SourceVersion "1"]
[SourceVersionDate "2003.01.09"]
[SourceQuality "1"]

1. d4 Nf6 2. Nf3 d5 3. c4 c6 4. Nc3 a6 5. cxd5 cxd5 6. Bg5 Ne4 7. Bd2 Nc6 8. e3 Bg4 9. Be2 Nxd2 10. Nxd2 Bxe2 11. Qxe2 e6 12. 0-0 Bd6 13. Rac1 0-0 14. a3 Rc8 15. f4 g6 16. Na4 Qf6 17. Nc3 Rc7 18. Qd3 Rfc8 19. Ne2 Na5 20. Rxc7 Rxc7 21. Rc1 Qd8 22. Rxc7 Qxc7 23. Qc3 Nc4 24. Nxc4 dxc4 25. Qd2 b5 26. e4 a5 27. e5 Be7 28. Kf1 b4 29. axb4 axb4 30. Qc2 Qc6 31. Qd2 Qe4 32. Kf2 h5 33. Kf1 Qb1+ 34. Kf2 Bh4+ 35. g3 Be7 36. h4 c3 37. bxc3 b3 38. c4 Qa2 39. Ke3 b2 40. Nc3 Qb3 41. Qd3 Qxc3 42. Qxc3 b1Q 43. c5 Qg1+ 44. Kf3 Qh1+ 45. Kf2 Qh2+ 46. Kf3 Bxh4 47. Qe1 Bd8 48. Qb4 Qh1+ 49. Kf2 h4 50. Qb8 Qd5 51. Qd6 hxg3+ 52. Kxg3 Qb3+ 53. Kg2 Bh4 54. Qc6 Qg3+ 55. Kh1 Qh3+ 56. Kg1 Qe3+ 57. Kh1 0-1

[Event "ESP-chT2"]
[Site "Vila Real"]
[Date "2001.??.??"]
[Round "5"]
[White "Riquelme Valero, Manuel Damian"]
[Black "Fernandez Garcia, Miguel Angel"]
[Result "0-1"]
[WhiteElo "2172"]
[BlackElo "2185"]
[PlyCount "128"]
[EventDate "2001.08.13"]
[EventType "team"]
[EventRounds "7"]
[EventCountry "ESP"]
[SourceTitle "EXT 2003"]
[Source "ChessBase"]
[SourceDate "2002.11.25"]
[SourceVersion "1"]
[SourceVersionDate "2002.11.25"]
[SourceQuality "1"]

1. d4 d5 2. c4 e6 3. Nc3 c6 4. cxd5 exd5 5. Nf3 Bf5 6. Bf4 Bd6 7. Bxd6 Qxd6 8. e3 Nd7 9. Bd3 Bxd3 10. Qxd3 Ngf6 11. 0-0 0-0 12. Rfd1 Rfe8 13. Qf5 g6 14. Qh3 Kg7 15. Qg3 Qe7 16. h4 Rac8 17. Rac1 Nh5 18. Qh3 f5 19. Re1 Nhf6 20. Ne2 h6 21. Nf4 Ne4 22. Nd3 Rf8 23. Nfe5 g5 24. h5 Nxe5 25. Nxe5 g4 26. Qh2 Qg5 27. Ng6 Rfe8 28. Qh4 g3 29. f3 Nf6 30. Qxg5 hxg5 31. Ne5 Nxh5 32. Kf1 Nf6 33. Ke2 Rh8 34. Kd3 Rh2 35. Rg1 Ne8 36. Rc3 Nd6 37. a4 a6 38. Nd7 Rch8 39. b3 Kf7 40. Ne5+ Ke6 41. Rcc1 Nf7 42. Nxf7 Kxf7 43. Rce1 Re8 44. Ref1 f4 45. e4 g4 46. e5 Kg6 47. Kc3 Kg5 48. Kb4 b6 49. fxg4 a5+ 50. Kc3 Kxg4 51. Kd3 c5 52. Rc1 f3 53. gxf3+ Kxf3 54. Rcf1+ Rf2 55. Re1 Kf4 56. e6 Rf3+ 57. Kc2 cxd4 58. e7 Re3 59. Ref1+ Ke4 60. Rf7 d3+ 61. Kd2 Kd4 62. Rf4+ Re4 63. Rf3 Re2+ 64. Kd1 g2 0-1

[Event "ESP-chT"]
[Site "Spain"]
[Date "1998.??.??"]
[Round "?"]
[White "Riquelme Valero, Manuel Damian"]
[Black "Garcia, M."]
[Result "0-1"]
[WhiteElo "2245"]
[BlackElo "2080"]
[PlyCount "86"]
[EventDate "1998.??.??"]
[EventType "team"]
[EventRounds "9"]
[EventCountry "ESP"]
[SourceTitle "EXT 2004"]
[Source "ChessBase"]
[SourceDate "2003.11.25"]
[SourceVersion "1"]
[SourceVersionDate "2003.11.25"]
[SourceQuality "1"]

1. d4 Nf6 2. c4 c5 3. d5 b5 4. cxb5 a6 5. b6 Qxb6 6. Nc3 g6 7. Nf3 Bg7 8. Nd2 0-0 9. e4 d6 10. Be2 Nbd7 11. a4 Rb8 12. a5 Qa7 13. Nc4 Ne8 14. 0-0 Nc7 15. Bg5 Re8 16. Na4 Na8 17. Ra3 Ne5 18. Bd2 Nxc4 19. Bxc4 Bd7 20. Bc3 Bb5 21. Qd3 Qd7 22. Bxg7 Kxg7 23. b3 Bxc4 24. Qxc4 Qb5 25. Rc1 Qxa5 26. Rca1 Qb4 27. Qxa6 Qxe4 28. Nc3 Qd4 29. Qc4 Qxc4 30. bxc4 Nb6 31. g3 Nxc4 32. Ra7 Rb3 33. Ne4 Rd3 34. Rc1 Nb6 35. Rb1 Nxd5 36. Rbb7 Nc3 37. Ng5 h6 38. Nh3 Nd5 39. Kf1 g5 40. Ke2 Rd4 41. f3 Rb4 42. Rd7 Rb2+ 43. Ke1 Reb8 0-1

[Event "Autonomico-chT"]
[Site "Aragon"]
[Date "1996.??.??"]
[Round "?"]
[White "Komljenovic, Davorin"]
[Black "Riquelme Valero, Manuel Damian"]
[Result "1/2-1/2"]
[WhiteElo "2475"]
[BlackElo "2205"]
[PlyCount "90"]
[EventDate "1996.??.??"]
[EventType "team"]
[EventRounds "9"]
[EventCountry "ESP"]
[SourceTitle "EXT 2002"]
[Source "ChessBase"]
[SourceDate "2001.11.25"]
[SourceVersion "1"]
[SourceVersionDate "2001.11.25"]
[SourceQuality "1"]

1. c4 Nf6 2. Nc3 d5 3. cxd5 Nxd5 4. g3 g6 5. Bg2 Nxc3 6. bxc3 Bg7 7. Rb1 c6 8. Nf3 0-0 9. 0-0 Qa5 10. Qb3 Nd7 11. Qa3 Qxa3 12. Bxa3 Re8 13. Nd4 Nb6 14. f4 Bg4 15. e3 Bxd4 16. cxd4 Be6 17. Ra1 Bc4 18. Rfb1 Ba6 19. Bc5 Nc4 20. Bb4 Rad8 21. a4 Nd6 22. Bc5 Nc8 23. Rb3 f6 24. Rab1 Rd7 25. Bh3 e6 26. Rc3 Kf7 27. Kf2 f5 28. g4 Nd6 29. Bxd6 Rxd6 30. gxf5 gxf5 31. Bg2 Kf6 32. Bf3 Rg8 33. Rg1 Rdd8 34. Rg3 Rg7 35. Rb3 Rgd7 36. Rb1 c5 37. Rh3 Rg8 38. Rc1 cxd4 39. e4 fxe4 40. Bxe4 Rgg7 41. Rh6+ Ke7 42. Bxh7 Rf7 43. Kf3 Rf6 44. Rxf6 Kxf6 45. Be4 Rd8 1/2-1/2